| 000 | 00626nam a2200205 u 4500 | ||
|---|---|---|---|
| 005 | 20210223131314.0 | ||
| 008 | 100610s2007 es r 000 0 spa d | ||
| 020 | _a9788426113856 | ||
| 035 | _aUPN01000176426 | ||
| 049 | _aCG | ||
| 050 | 4 |
_aPR9639.3 M2.58 _bF5.3 2007 |
|
| 100 | 1 |
_aMansfield, Katherine, _d1888-1923 |
|
| 245 | 1 | 0 |
_aFiesta en el jardÃn : _by otras narraciones / _cKatherine Mansfield ; tr. de Manuel de la Escalera. |
| 250 | _a3a ed. | ||
| 260 |
_aBarcelona, Esp. : _bJuventud, _cc2007. |
||
| 300 | _a254 p. | ||
| 440 | 0 | _aLibros de bolsillo Z | |
| 650 | 4 |
_aNOVELA NEOZELANDESA _916739 |
|
| 905 | _aLibro | ||
| 999 |
_c148529 _d148529 |
||